000 00765nam a2200289 a 4500
003 AR-BaBNM
005 20251128204618.0
008 082120s2002 ||||||||||||||000 | spa||
020 _a950-11-0960-7
040 _cAR-BaBNM
100 1 _aMariño, Ricardo
245 0 0 _aEl inventor
260 _aBuenos Aires
_bSigmar
_c1993
300 _a66 p.
_bil.
490 0 _aSueños de papel
500 _aContiene biografía del autor al final de la obra
650 4 _aLIBROS PARA NIÑOS
650 4 _aLITERATURA INFANTIL
650 4 _aCUENTOS DE AVENTURAS
650 4 _aHUMOR
653 _aCUENTOS DE MISTERIO
655 _aLITERATURA
700 1 _aElizalde, Marcelo
_eilustrador
800 1 _aColella, Olga
_ecoordinador
942 _cBK
998 _cMARTIN
999 _c8110
_d8110